Online Catalogue and eLibrary

Realism, idealism, and international politics : (Record no. 603)

MARC details
000 -LEADER
fixed length control field 00690pam a2200205 a 4500
001 - CONTROL NUMBER
control field 4853927
005 - DATE AND TIME OF LATEST TRANSACTION
control field 20240322061001.0
008 - FIXED-LENGTH DATA ELEMENTS--GENERAL INFORMATION
fixed length control field 911223s1992 enk b 001 0 eng
020 ## - INTERNATIONAL STANDARD BOOK NUMBER
ISBN 0415069718
040 ## - CATALOGING SOURCE (பட்டியலாக்க மூலம்)
Original cataloging agency DLC
Transcribing agency DLC
Modifying agency DLC
082 00 - DDC Classification
Class No. 327
DDC Edition Number 20
Item Number - Author Mark REA.
100 1# - MAIN ENTRY--PERSONAL NAME
Personal name Griffiths, Martin,
245 10 - TITLE STATEMENT
Title Realism, idealism, and international politics :
Remainder of title a reinterpretation /
Statement of responsibility, etc. Martin Griffiths.
260 ## - PUBLICATION, DISTRIBUTION, ETC.
Place of publication, distribution, etc. London ;
-- New York :
Name of publisher, distributor, etc. Routledge,
Date of publication, distribution, etc. 1992.
300 ## - PHYSICAL DESCRIPTION
Extent (e.g. Volumes, Pages etc.) x, 206 p. ;
500 ## - GENERAL NOTE
General note Based on the author's thesis (doctoral)--University of British Columbia.
650 #0 - SUBJECT ADDED ENTRY--TOPICAL TERM
Topical term or geographic name entry element International relations.
856 42 - ELECTRONIC LOCATION AND ACCESS
Uniform Resource Identifier <a href="http://www.loc.gov/catdir/enhancements/fy0648/91047982-d.html">http://www.loc.gov/catdir/enhancements/fy0648/91047982-d.html</a>
942 ## - Koha item type (Biblio)
Koha item type Books in Stacks (Lending)
Holdings
Lost status Damaged status Collection code Home library Current library Date acquired Full call number Accession Number Item type
    Lending WERC Library WERC Library 03/22/2024 327 REA. 3961 Books in Stacks (Lending)

© WERC Library